000 01022nam a2200289Ia 4500
003 GCL
008 140319s9999 xx 000 0 ara d
040 _aGCL /
_cGCL
082 0 4 _aق
_b953.082
_bم ا
100 1 _aمحمد محمد امين
245 1 0 _aالاوقاف والحياة الاجتماعية فى مصر:648 - 923هـ\1250 - 1517م دراسة تاريخية وثائقية /
_cمحمد محمد امين
260 _aالقاهرة :
_bدار النهضة العربية ،
_c1980
300 _a462 ص ؛
_c22 سم
650 0 4 _aمصر
650 0 4 _aالتعليم
650 0 4 _aالاحوال الاقتصادية
650 0 4 _aالنظام المالى فى الاسلام
650 0 4 _aالمدارس
650 0 4 _aالحياة الثقافية
650 0 4 _aالمساجد
650 0 4 _aالاوقاف
650 0 4 _aالحياة الدينية
650 0 4 _aالقضاء فى الاسلام
650 0 4 _aالنظام المالى
650 0 4 _aالاسبلة
942 _2ddc
_cBK
999 _c52829
_d52829